00530nam a2200157Ia 450000500170000000800410001708200130005810000210007124500320009226000630012430000130018750000520020094200060025295200990025899900150035720250508053647.0240331s9999 xx 000 0 und d bKAMa891 aKamalakanthan, M 0aMalaiakap parisuk kathaigal aColombobKalai oli Muthiah pillai Memorial Committeec1994 a119 p ., aCollection of Sri Lankan Upcountry Shor Stories cL 001040708LaWERCLbWERCLcSSCd2024-03-31l0o 894.811 KAMp5396r2024-03-31w2024-03-31yL c4369d4369